000 00845nam a2200253Ia 4500
003 OSt
005 20220923225047.0
006 a|||||r|||| 00| 0
007 ta
008 220922b |||||||| |||| 00| 0 hin d
024 _a255,914
037 _cTextual
040 _aARTS
_cARTS
_bhin
041 _2hin
_ahin
082 _aQ2:22:g, 152L0
100 _aशर्मा, गिरिधर, चतुर्वेदी
_9159339
245 0 _aपुराण परिशीलन
246 _aPurāṇ parishīlana
260 _aपटना
_b बिहार राष्ट्रभाषा परिषद्
_c1970
300 _a510पृ.
_ccm.
650 _aधर्म
942 _hQ2:22:g, 152L0
_cTEXL
_2CC
999 _c375752
_d375752